=LDR 00000nam 2200000 4500 =001 000828 =005 20250712121235 =035 ##$$a 0010-0725000700 =007 ta =008 250712################a##########0#ind## =020 ##$$a 978-623-307-570-1 =082 ##$$a 398.209 598 =084 ##$$a 398.209 598 TAM g =100 #$$a Tam, Tham =245 1#$$a Gunting yang Memakan Kuemu, Ibu /$c Tham Tam =250 ##$$a Cetakan Pertama =260 ##$$a Jakarta :$b Badan Pengembangan dan Pembinaan Bahasa,$c 2024 =300 ##$$a 24 hlm. : $b ilus. ; $c 21,5 cm =650 #4$$a Cerita Anak Indonesia-Terjemahan =650 #4$$a Literasi-Bahan Bacaan =856 ##$$a TBM As Suhada =990 ##$$a TBM202400728